zpět

Detail výsledku týmu

U Lucerny ČT, Brno

Datum a čas kvízu

31.5 Celkem bodů Celkový počet nahraných bodů na tomto kvízu bez doplňovacích otázek.
5. Pořadí na kvízu Konečné umístění týmu na tomto kvízu.

Zaznamenané odpovědi

# Otázka Odpověď Body Výsledky
1. Ve které obci se v sobotu kona... v Průhonicích 0
2. Internet minulý týden obletělo... kocour (kočka) 1
3. Společnost Amazon v úterý ozná... Pán prstenů (Lord of the Rings) 1
4. Česká armáda v pátek převzala... Toyota 0
5. Tým ligy amerického fotbalu NF... indiánské čelenky (a rudé malování na obličeji) 1
6. Rozhodli jsme se prověřit vaše... nebozez / nebozízek 0
7. Jak byste slovem na P nazvali... perlátor 1
8. Některé šrouby nemají ani jedn... inbus (též nespisovně imbus) 1
9. Jak byste dvěma slovy začínají... pružná / pérová podložka 0
10. Apelativizace je pojem pro jev... karma 1